Dream Tower, Praha, Nové Butovice
Gespeichert in:
| 1. Verfasser: | |
|---|---|
| Weitere Verfasser: | |
| Format: | Manuskript Buch |
| Sprache: | Slowakisch |
| Veröffentlicht: |
Bratislava
2019
|
| Schlagworte: | |
| Online-Zugang: | http://is.stuba.sk/zp/portal_zp.pl?podrobnosti=146795 |
| Tags: |
Keine Tags, Fügen Sie das erste Tag hinzu!
|
MARC
| LEADER | 00000ntm a22000003a 4500 | ||
|---|---|---|---|
| 001 | stuzp72815 | ||
| 003 | SK-STU | ||
| 005 | 20200908110242.9 | ||
| 007 | ta | ||
| 008 | 150427s2015----xo-----f-mn---000-0-slo-d | ||
| 040 | |a STU |b slo | ||
| 041 | 0 | |a slo | |
| 100 | 1 | |a Tužinský, Pavol |u 051110 |k Z4 |4 aut |U FAD Fakulta architektúry |T FA Ústav architektúry obytných budov |X 65407 |U A1110 |Y 392 |7 65407 | |
| 242 | 0 | 1 | |a Dream Tower, Praha, Nové Butovice |y eng |
| 245 | 1 | 0 | |a Dream Tower, Praha, Nové Butovice |
| 260 | |c 2019 |a Bratislava | ||
| 650 | 4 | |a Polyfunkcia |2 slo | |
| 650 | 4 | |a Bývanie |2 slo | |
| 650 | 4 | |a Praha |2 slo | |
| 650 | 4 | |a Výšková budova |2 slo | |
| 650 | 4 | |a Praha 13 |2 slo | |
| 650 | 4 | |a High-rise building |2 eng | |
| 650 | 4 | |a Multifunction |2 eng | |
| 650 | 4 | |a Housing |2 eng | |
| 650 | 4 | |a Prague |2 eng | |
| 650 | 4 | |a Prague 13 |2 eng | |
| 700 | 1 | |a Puškár, Branislav |u 051110 |k Z1 |4 ths |U FAD Fakulta architektúry |T FA Ústav architektúry obytných budov |X 5199 |U A1110 |Y 392 |7 A000005199 | |
| 856 | 4 | |u http://is.stuba.sk/zp/portal_zp.pl?podrobnosti=146795 |u https://opac.crzp.sk/?fn=detailBiblioForm&sid=1D69B1A76ABEB527B96CD1387708 | |